[Event "OHS 2012"]
[Site "Herne"]
[Date "2012.02.07"]
[Round "1"]
[White "Barth, Hans-Joachim"]
[Black "Kiese, Matthias, Prof. Dr."]
[Result "0-1"]
[PlyCount "120"]
[WhiteElo "1783"]
[BlackElo "2102"]

1. b3 d5 2. Bb2 Nf6 3. e3 Bf5 4. Nf3 e6 5. Nh4 Bg4 6. Be2 Bxe2 7. Qxe2 Nbd7 8.
Nf3 Bd6 9. O-O O-O 10. c4 c6 11. d3 Qe7 12. Nc3 Rad8 13. e4 dxe4 14. dxe4 Ne5
15. Nxe5 Bxe5 16. f4 Bd4+ 17. Kh1 e5 18. a4 exf4 19. Rxf4 Rfe8 20. Re1 Qe5 21.
Rf5 Qe6 22. Rff1 Bxc3 23. Bxc3 Nxe4 24. Qf3 Qg6 25. Qe3 Re6 26. Rd1 Rxd1 27.
Rxd1 h6 28. Ba1 Qg4 29. Rd8+ Kh7 30. Qd3 Qf5 31. Bd4 Rg6 32. Bg1 Nf2+ 33. Bxf2
Qxf2 34. g3 Qe1+ 35. Kg2 Qe6 36. c5 Qe5 37. b4 Qb2+ 38. Qd2 Qxd2+ 39. Rxd2 Rg4
40. Rd7 Rxb4 41. Rxf7 Kg6 42. Rc7 a5 43. h4 h5 44. Kf3 Rxa4 45. Rxb7 Rc4 46.
Rb6 Rxc5 47. Ra6 Kf5 48. Ra7 g6 49. Rf7+ Ke5 50. Rg7 Rc3+ 51. Kf2 Kf5 52. Rf7+
Kg4 53. Rf4+ Kh3 54. Ra4 Rxg3 55. Rxa5 Kxh4 56. Rc5 g5 57. Rxc6 g4 58. Rc5 Ra3
59. Kg2 Ra2+ 60. Kg1 g3 0-1

[Event "OHS 2012"]
[Site "Herne"]
[Date "2012.02.07"]
[Round "1"]
[White "Bartel, Mario"]
[Black "Kamper, Marco"]
[Result "0-1"]
[PlyCount "120"]
[WhiteElo "2094"]
[BlackElo "1780"]

1. e4 c6 2. d4 d5 3. Nc3 dxe4 4. Nxe4 Nd7 5. Nf3 Ngf6 6. Ng3 g6 7. Bc4 Nb6 8.
Bb3 Bg7 9. h4 Nfd5 10. h5 Bf5 11. Nxf5 gxf5 12. h6 Bf6 13. c4 Nc7 14. Qd3 Qd7
15. Rh5 e6 16. a4 Rd8 17. a5 Nc8 18. Bg5 Qe7 19. Kf1 Rg8 20. Bf4 Nd6 21. Re1
Ne4 22. Bc2 Na6 23. Qe3 Qb4 24. b3 c5 25. d5 Bd4 26. Nxd4 cxd4 27. Qxd4 Rxd5
28. Qg7 Rxg7 29. hxg7 Nf6 30. Bg5 Ng8 31. cxd5 Qb5+ 32. Kg1 Nb4 33. Bxf5 Nxd5
34. Bxh7 Nde7 35. Bxg8 Nxg8 36. Rd1 f6 37. Rd8+ Kf7 38. Rf8+ Kg6 39. Rxf6+ Kxh5
40. Rf8 Qxg5 41. Rxg8 Kg6 42. Re8 Kxg7 43. Rxe6 Kf7 44. Re3 Qxa5 45. Rf3+ Ke6
46. g3 Qd5 47. Re3+ Kf5 48. Kh2 a5 49. Rc3 b5 50. Re3 a4 51. bxa4 bxa4 52. Re7
a3 53. Ra7 a2 54. f3 Qd2+ 55. Kh3 Qb2 56. Ra5+ Ke6 57. Ra6+ Kd5 58. Ra5+ Kc6
59. g4 a1=Q 60. Rxa1 Qxa1 0-1

[Event "OHS 2012"]
[Site "Herne"]
[Date "2012.02.07"]
[Round "1"]
[White "Janke, Anatoli"]
[Black "Wickenfeld, Stefan"]
[Result "0-1"]
[PlyCount "165"]
[WhiteElo "1736"]
[BlackElo "2088"]

1. e4 d5 2. exd5 Nf6 3. d4 Nxd5 4. Nf3 Bg4 5. Bc4 e6 6. c3 Be7 7. Nbd2 O-O 8.
O-O Nb6 9. Be2 N8d7 10. Ne5 Bf5 11. Ndf3 c5 12. Nxd7 Nxd7 13. Be3 Qc7 14. Qc1
Rad8 15. a4 Bd6 16. h3 e5 17. dxe5 Nxe5 18. Nxe5 Bxe5 19. Rd1 Qe7 20. Bf3 Rxd1+
21. Qxd1 Bb8 22. Qd5 Qc7 23. g3 Bxh3 24. Qxc5 Qd7 25. Qd5 Rd8 26. Rd1 Qxd5 27.
Rxd5 Rxd5 28. Bxd5 b6 29. Bc6 f6 30. f4 Kf7 31. Kf2 Ke6 32. Kf3 Bf1 33. f5+ Ke7
34. Bb5 Bh3 35. g4 h5 36. gxh5 Bxf5 37. Bf4 Bd6 38. h6 gxh6 39. Bxh6 Bc2 40.
Be3 Bd1+ 41. Kf2 Bc5 42. b4 Bxe3+ 43. Kxe3 Ke6 44. Kf4 a5 45. Be8 Bc2 46. bxa5
bxa5 47. Ke3 Kd5 48. Kd2 Bf5 49. Bb5 Kc5 50. Be2 Bd7 51. Bd1 Kc4 52. Bc2 Be6
53. Bd3+ Kb3 54. Bb5 Bc4 55. Bd7 Kb2 56. Bb5 Kb3 57. Bd7 Ka3 58. Bb5 Bb3 59.
Kc1 Bxa4 60. Bc4 Bb3 61. Bd3 Be6 62. Kc2 Bd7 63. Kc1 Kb3 64. c4 Kb4 65. Kb2 Be6
66. c5 Bd5 67. Bf5 a4 68. Bd3 a3+ 69. Ka1 Kxc5 70. Bb1 Kd4 71. Bg6 Ke3 72. Bf5
Kf4 73. Bd7 Ke5 74. Bc8 Be6 75. Ba6 f5 76. Bd3 f4 77. Be2 Bd5 78. Bg4 Kd4 79.
Bh5 Ke3 80. Bg4 Kf2 81. Bh5 Kg3 82. Bd1 Bf3 83. Bc2 0-1 {Restnotation nicht
vorhanden; Schwarz gewann nach weiteren 20 Z<Q>ge durch Umwandlung des F-Bauern
zur Dame.}

[Event "OHS 2012"]
[Site "Herne"]
[Date "2012.02.07"]
[Round "1"]
[White "Trzaska, Peter"]
[Black "Domnik, Roland"]
[Result "1-0"]
[PlyCount "71"]
[WhiteElo "2081"]
[BlackElo "1696"]

1. c4 c5 2. Nf3 Nc6 3. d4 cxd4 4. Nxd4 e6 5. Nb5 d6 6. Bf4 e5 7. Bc1 a6 8. N5c3
Nf6 9. Bg5 Be7 10. g3 O-O 11. Bg2 h6 12. Bxf6 Bxf6 13. O-O Be6 14. Nd5 Bxd5 15.
Bxd5 Qb6 16. Nc3 Ne7 17. Rb1 Rab8 18. Ne4 Nxd5 19. Qxd5 Be7 20. Rfd1 Rbd8 21.
Rd3 Kh7 22. Rb3 Qc6 23. Rxb7 Qxd5 24. cxd5 Rfe8 25. Rc1 f5 26. Rcc7 fxe4 27.
Rxe7 Rxe7 28. Rxe7 Rb8 29. Rd7 Rb6 30. b3 a5 31. Kf1 Kg6 32. Ke1 e3 33. fxe3
Kf5 34. Rc7 Rb5 35. Rc4 Rxd5 36. e4+ 1-0

[Event "OHS 2012"]
[Site "Herne"]
[Date "2012.02.07"]
[Round "1"]
[White "Grothuesmann, Heinrich"]
[Black "Patzer, Jörg"]
[Result "0-1"]
[PlyCount "60"]
[WhiteElo "1634"]
[BlackElo "1948"]

1. e4 d6 2. d4 Nf6 3. Nc3 g6 4. Bc4 Bg7 5. h3 O-O 6. Be3 c6 7. a4 Qa5 8. Bd3
Nbd7 9. f4 c5 10. Nf3 c4 11. Bxc4 Nxe4 12. O-O Nxc3 13. bxc3 Qxc3 14. Qe2 Nb6
15. Bb3 Qc7 16. a5 Nd7 17. f5 Nf6 18. fxg6 hxg6 19. Nh4 e6 20. c4 Bd7 21. Bf4
Nh5 22. Rad1 Nxf4 23. Rxf4 Qxa5 24. Nf3 Rac8 25. Rh4 Qb4 26. Ba2 b5 27. Rb1 Qa3
28. cxb5 Rc1+ 29. Rxc1 Qxc1+ 30. Kh2 Rc8 0-1

[Event "OHS 2012"]
[Site "Herne"]
[Date "2012.02.07"]
[Round "1"]
[White "Pohl, Martin"]
[Black "Leveikina, Jenny"]
[Result "1/2-1/2"]
[PlyCount "60"]
[WhiteElo "1686"]
[BlackElo "2029"]

1. c4 c6 2. Nc3 d5 3. cxd5 cxd5 4. d4 Nf6 5. Bg5 Ne4 6. Bd2 Nxd2 7. Qxd2 Bf5 8.
e3 e6 9. Bd3 Bxd3 10. Qxd3 Bd6 11. Nf3 Nd7 12. Rc1 a6 13. O-O O-O 14. Na4 Qe7
15. Nd2 b5 16. Nc3 Nb6 17. f4 f5 18. Qe2 Rac8 19. a4 b4 20. Ncb1 Nxa4 21. Rxc8
Rxc8 22. Qxa6 Qd7 23. b3 Nc3 24. Rf3 Qc6 25. Qxc6 Rxc6 26. Rf1 Kf7 27. Kf2 h6
28. Kf3 Nb5 29. Ke2 g5 30. g3 Kf6 1/2-1/2

[Event "OHS 2012"]
[Site "Herne"]
[Date "2012.02.07"]
[Round "1"]
[White "Kolakovic, Klaudio"]
[Black "Sikorski, Thomas"]
[Result "1-0"]
[PlyCount "99"]
[WhiteElo "1991"]
[BlackElo "1716"]

1. d4 c6 2. e4 d6 3. Be2 e5 4. Nf3 Nd7 5. O-O Ngf6 6. Nc3 Be7 7. h3 O-O 8. Be3
Qc7 9. a4 a5 10. Nd2 exd4 11. Bxd4 Ne5 12. f4 Ng6 13. Nc4 Bd7 14. Bb6 Qc8 15.
f5 Ne5 16. Nxd6 Qb8 17. Nc4 Nxc4 18. Bxc4 Qe5 19. Qd4 Bd6 20. Qxe5 Bxe5 21.
Rad1 Rfe8 22. Rfe1 c5 23. Nb5 Ra6 24. Bc7 Rc6 25. Bxe5 Rxe5 26. Nc3 Rc8 27. Rd6
Bxf5 28. g4 Bg6 29. Rxf6 gxf6 30. Kf2 h5 31. Kf3 hxg4+ 32. hxg4 Kg7 33. Kf4 Rh8
34. Rd1 Rh2 35. Rc1 Rd2 36. Bd5 b6 37. Nd1 Rd4 38. Nc3 Rd2 39. Nd1 Rd4 40. Nc3
Rd2 41. Nd1 Re8 42. Ne3 Rh8 43. Nc4 Rg2 44. Nd6 Kf8 45. e5 fxe5+ 46. Kxe5 Rxg4
47. Nc8 Rh5+ 48. Kd6 Rh6 49. Nxb6 Bxc2+ 50. Kxc5 1-0 {Restnotation nicht
lesbar. Weiß gewinnt im 69. Zug}

[Event "OHS 2012"]
[Site "Herne"]
[Date "2012.02.07"]
[Round "1"]
[White "Drees, Helmut"]
[Black "Mancic, Ivan"]
[Result "0-1"]
[PlyCount "40"]
[WhiteElo "1680"]
[BlackElo "1990"]

1. d4 Nf6 2. c4 g6 3. Nc3 d5 4. cxd5 Nxd5 5. Nf3 Nxc3 6. bxc3 Bg7 7. e3 O-O 8.
Be2 c5 9. O-O Qc7 10. Ba3 Nd7 11. Qb3 b6 12. Rac1 Bb7 13. Rfd1 Rac8 14. h3 e6
15. Nd2 Rfd8 16. Bf3 Bxf3 17. Nxf3 Bf8 18. Bb2 c4 19. Qb5 a6 20. Qxa6 Ra8 0-1

[Event "OHS 2012"]
[Site "Herne"]
[Date "2012.02.07"]
[Round "1"]
[White "Markert, Dirk, Dr."]
[Black "Reichardt, Markus"]
[Result "1-0"]
[PlyCount "77"]
[WhiteElo "1963"]
[BlackElo "1676"]

1. e4 c5 2. Nc3 Nc6 3. d3 d6 4. g3 g6 5. Bg2 Bg7 6. Be3 e6 7. Qd2 Qc7 8. Nf3
Bd7 9. O-O Nge7 10. Nb5 Qb8 11. c3 a6 12. Na3 O-O 13. Bh6 Qc7 14. Bxg7 Kxg7 15.
Nc4 f5 16. Rfe1 b5 17. Ne3 Rae8 18. Rad1 d5 19. exd5 Nxd5 20. Nxd5 exd5 21. d4
c4 22. Ne5 Qd6 23. Re2 Re7 24. Rde1 Rfe8 25. f4 Be6 26. h4 Nb8 27. h5 Nd7 28.
Bf3 Nf6 29. hxg6 hxg6 30. Rh2 Qb8 31. Nc6 Qc8 32. Nxe7 Rxe7 33. Qe2 Ne4 34.
Bxe4 fxe4 35. Rh4 Bf5 36. Qh2 Re8 37. Rh7+ Kf6 38. Qh4+ Ke6 39. g4 1-0

[Event "OHS 2012"]
[Site "Herne"]
[Date "2012.02.07"]
[Round "1"]
[White "Kracht, Joachim"]
[Black "Winterkamp, Sascha"]
[Result "0-1"]
[PlyCount "86"]
[WhiteElo "1669"]
[BlackElo "1953"]

1. e4 c5 2. Nc3 Nc6 3. Bc4 e6 4. a3 g6 5. Nge2 Bg7 6. O-O Nge7 7. d3 a6 8. Ng3
b5 9. Ba2 Nd4 10. Nce2 Nec6 11. c3 Nxe2+ 12. Qxe2 a5 13. f4 b4 14. Bd2 O-O 15.
f5 Ba6 16. fxg6 hxg6 17. Rad1 Rb8 18. Be1 Rb7 19. Rf2 Ne5 20. h3 Qc7 21. Qe3 c4
22. d4 Nd3 23. Rfd2 bxa3 24. bxa3 d5 25. e5 Qe7 26. Ne2 Kh7 27. Qg3 Bh6 28. Rc2
Qxa3 29. Bd2 Qe7 30. Bxh6 Kxh6 31. Rf1 Rfb8 32. Rf6 Kg7 33. Nf4 Nxf4 34. Qxf4
Rb2 35. Qf2 Rxc2 36. Qxc2 Qa3 37. Rf2 Bc8 38. Kh2 Bd7 39. Bb1 Ba4 40. Rxf7+
Kxf7 41. Qxg6+ Ke7 42. Qg7+ Kd8 43. Qg8+ Kc7 0-1

[Event "OHS 2012"]
[Site "Herne"]
[Date "2012.02.07"]
[Round "1"]
[White "Melmer, Felix"]
[Black "Stenzel, Gerhard"]
[Result "1-0"]
[PlyCount "75"]
[WhiteElo "1949"]
[BlackElo "1656"]

1. f4 d5 2. Nf3 Nc6 3. g3 Nf6 4. Bg2 Bf5 5. O-O Qd7 6. Ne5 Nxe5 7. fxe5 Ne4 8.
d3 Nc5 9. b4 Na6 10. b5 Nb8 11. Nc3 c6 12. a4 Bh3 13. d4 Bxg2 14. Kxg2 e6 15.
Ba3 Bxa3 16. Rxa3 Qe7 17. Rb3 c5 18. e4 cxd4 19. Qxd4 dxe4 20. Nxe4 O-O 21. Rd3
a6 22. Nf6+ Kh8 23. Nh5 Qg5 24. Nf4 axb5 25. Nxe6 Qe7 26. Nxf8 Nc6 27. Qd6 Rxf8
28. Qxe7 Nxe7 29. axb5 Ng6 30. e6 f5 31. Rd7 f4 32. Rxb7 Rc8 33. c4 h5 34. e7
fxg3 35. hxg3 Kh7 36. Re1 Re8 37. c5 h4 38. c6 1-0

[Event "OHS 2012"]
[Site "Herne"]
[Date "2012.02.07"]
[Round "1"]
[White "Ribbeheger, Edgar"]
[Black "Nagel, Frank"]
[Result "1/2-1/2"]
[PlyCount "39"]
[WhiteElo "1947"]
[BlackElo "1627"]

1. e4 d5 2. exd5 Qxd5 3. Nc3 Qa5 4. Bc4 Nf6 5. Nf3 Bf5 6. O-O e6 7. d4 c6 8.
Bd2 Bb4 9. a3 Bxc3 10. Bxc3 Qd8 11. Re1 O-O 12. Bd3 Bxd3 13. Qxd3 Nbd7 14. Rad1
Qc7 15. Ne5 Rfd8 16. Qg3 Nxe5 17. Rxe5 Rd5 18. Rde1 Rad8 19. Rxd5 Nxd5 20. Qxc7
1/2-1/2

[Event "OHS 2012"]
[Site "Herne"]
[Date "2012.02.07"]
[Round "1"]
[White "Odenwald, Andreas"]
[Black "Wolff, Christoph"]
[Result "0-1"]
[PlyCount "56"]
[WhiteElo "1609"]
[BlackElo "1940"]

1. Nc3 d5 2. e4 d4 3. Nce2 e5 4. Nf3 Bd6 5. Ng3 Nf6 6. Bc4 Nc6 7. a3 O-O 8. d3
h6 9. O-O Ne7 10. Nh4 Kh7 11. f4 Nc6 12. Nhf5 exf4 13. Bxf4 Bxf4 14. Rxf4 g6
15. Nxh6 Kxh6 16. Qd2 g5 17. Nf5+ Bxf5 18. Rxf5 Ng4 19. Raf1 f6 20. h4 Qd6 21.
hxg5+ Kg6 22. R1f4 Nce5 23. gxf6 Ne3 24. Qf2 N5xc4 25. Qg3+ Kf7 26. Qg7+ Ke8
27. f7+ Ke7 28. Rh5 Qxf4 0-1

[Event "OHS 2012"]
[Site "Herne"]
[Date "2012.02.07"]
[Round "1"]
[White "Bauland, Thomas"]
[Black "Schäfer, Michael"]
[Result "1-0"]
[PlyCount "25"]
[WhiteElo "1935"]
[BlackElo "1605"]

1. Nc3 Nf6 2. Nf3 e6 3. e4 d5 4. exd5 exd5 5. d4 Bb4 6. Bd3 O-O 7. O-O c6 8.
Ne5 Bd6 9. Bg5 h6 10. Bh4 Be7 11. Qe2 c5 12. dxc5 Bxc5 13. Rad1 1-0

[Event "OHS 2012"]
[Site "Herne"]
[Date "2012.02.07"]
[Round "1"]
[White "Kempken, Reinhold"]
[Black "Jaring, Thorsten"]
[Result "0-1"]
[PlyCount "64"]
[WhiteElo "1610"]
[BlackElo "1935"]

1. e4 d5 2. d4 dxe4 3. Nc3 Bf5 4. f3 Nf6 5. Be3 e6 6. fxe4 Nxe4 7. Qf3 Bb4 8.
Ne2 Qh4+ 9. g3 Qg4 10. Bg2 Qxf3 11. Bxf3 c6 12. O-O-O Nxc3 13. bxc3 Ba3+ 14.
Kd2 Nd7 15. g4 Bg6 16. Nf4 Nb6 17. Be2 Be4 18. Rhf1 Rd8 19. Nh5 O-O 20. Bg5 Rd5
21. h4 f6 22. Be3 e5 23. Ng3 Bg6 24. h5 Bf7 25. Nf5 exd4 26. cxd4 Re8 27. h6 g6
28. Ng7 Re7 29. Rxf6 Rd8 30. Bg1 Bb4+ 31. Kc1 Rxe2 32. Rdf1 Re1+ 0-1

[Event "OHS 2012"]
[Site "Herne"]
[Date "2012.02.07"]
[Round "1"]
[White "Radi, Günter"]
[Black "Donin, Oleksandr"]
[Result "1-0"]
[PlyCount "77"]
[WhiteElo "1934"]
[BlackElo "1577"]

1. d4 d5 2. Nf3 Bg4 3. e3 Nf6 4. c4 e6 5. Be2 Nbd7 6. Nc3 Be7 7. cxd5 Nxd5 8.
Nxd5 exd5 9. Qb3 Nb6 10. Bd2 O-O 11. Rc1 a5 12. a3 a4 13. Qc2 c6 14. Bd3 g6 15.
Ne5 Be6 16. O-O Nd7 17. f4 f5 18. Qd1 Nxe5 19. fxe5 Bd7 20. Qe1 Qb6 21. Bc3 c5
22. Qg3 c4 23. Be2 Qe6 24. Rf2 b5 25. Qh3 Rab8 26. Rf4 b4 27. axb4 Bxb4 28. g4
Qc6 29. gxf5 Bxf5 30. Bg4 Bxg4 31. Rxf8+ Bxf8 32. Qxg4 a3 33. bxa3 Bxa3 34. Rf1
Be7 35. Ra1 Rb7 36. Qf4 Kg7 37. Rf1 Ba3 38. e4 dxe4 39. e6 1-0

[Event "OHS 2012"]
[Site "Herne"]
[Date "2012.02.07"]
[Round "1"]
[White "Grunwald, Günther"]
[Black "Schmidt, Ralph"]
[Result "0-1"]
[PlyCount "116"]
[WhiteElo "1554"]
[BlackElo "1930"]

1. e4 e5 2. Nf3 d6 3. d4 exd4 4. Nxd4 Bd7 5. Be2 Nf6 6. Nc3 g6 7. O-O Bg7 8.
Re1 O-O 9. Bf3 Nc6 10. Nxc6 Bxc6 11. Nd5 Nd7 12. Nb4 Ba4 13. Rb1 Ne5 14. b3
Nxf3+ 15. Qxf3 Bd7 16. Bb2 Bxb2 17. Rxb2 Qg5 18. Nd5 Kg7 19. Qc3+ Kh6 20. f4
Qh5 21. g3 Qh3 22. Qf6 Qh5 23. Qe7 Bh3 24. Kf2 Be6 25. Qg5+ Qxg5 26. fxg5+ Kxg5
27. Nxc7 Rac8 28. Nb5 Rc6 29. c4 a6 30. Nd4 Rc5 31. Ke3 Re8 32. Kd3 Bg4 33. Rf2
f5 34. Nf3+ Kh6 35. Kd4 b5 36. exf5 Rxe1 37. Nxe1 Bxf5 38. Nf3 bxc4 39. bxc4
Be6 40. Nd2 Kg7 41. Rf3 Ra5 42. a3 Ra4 43. Rc3 Kf7 44. Ne4 Ke7 45. Ng5 Bg8 46.
Ne4 Ke6 47. Nd2 Kf5 48. h3 d5 49. Kc5 dxc4 50. Kd4 Ra5 51. Nxc4 Ra4 52. Kc5
Bxc4 53. Rxc4 Rxa3 54. Rf4+ Ke6 55. Rg4 Kf6 56. Rf4+ Kg7 57. Rg4 h5 58. Rg5
Ra5+ 0-1

[Event "OHS 2012"]
[Site "Herne"]
[Date "2012.02.07"]
[Round "1"]
[White "Klinke, Werner"]
[Black "Selmanaj, Agim"]
[Result "1-0"]
[PlyCount "99"]
[WhiteElo "1911"]
[BlackElo "1529"]

1. b4 e5 2. Bb2 d6 3. e4 a6 4. d4 exd4 5. Bxd4 Nc6 6. c3 Nxd4 7. Qxd4 Qf6 8.
Nf3 Qxd4 9. Nxd4 g6 10. Nd2 Bg7 11. Bd3 Ne7 12. O-O O-O 13. a4 Bd7 14. Ra3 a5
15. b5 b6 16. Ra2 d5 17. Re1 dxe4 18. Bxe4 Rad8 19. N2b3 Rfe8 20. Kf1 Nc8 21.
Rc2 Nd6 22. Bd3 Rxe1+ 23. Kxe1 Re8+ 24. Kf1 Be6 25. Nxe6 Rxe6 26. c4 Bf8 27. c5
Nb7 28. cxb6 cxb6 29. Rc8 Kg7 30. Bc2 Bb4 31. f3 Bc5 32. Rc7 Re7 33. Rc6 Re6
34. Rxe6 fxe6 35. Ke2 Kf6 36. Be4 Nd6 37. Nxc5 bxc5 38. b6 Ke5 39. b7 Nxb7 40.
Bxb7 Kd4 41. Kd2 g5 42. g3 e5 43. Be4 g4 44. Ke2 gxf3+ 45. Kxf3 h6 46. g4 Kc3
47. h4 Kb4 48. g5 hxg5 49. hxg5 Kxa4 50. g6 1-0

[Event "OHS 2012"]
[Site "Herne"]
[Date "2012.02.07"]
[Round "1"]
[White "Funke, Eckhard"]
[Black "Schicktanz, Florian"]
[Result "1-0"]
[PlyCount "89"]
[WhiteElo "1896"]
[BlackElo "1488"]

1. d4 d5 2. c4 e6 3. Nf3 Nf6 4. Bg5 Be7 5. e3 h6 6. Bh4 b6 7. Nc3 Bb7 8. cxd5
exd5 9. Bd3 Ne4 10. Bxe7 Qxe7 11. Rc1 c5 12. dxc5 Nxc3 13. Rxc3 bxc5 14. Bb5+
Nd7 15. Qa4 c4 16. Nd4 a6 17. Bc6 Bxc6 18. Qxc6 O-O 19. Qxd5 Nb6 20. Qa5 Qe4
21. O-O Qg6 22. Nf5 Kh8 23. e4 Qc6 24. Rg3 f6 25. Ne7 Qb5 26. Qxb5 axb5 27.
Ng6+ Kg8 28. Nxf8 Kxf8 29. a3 Na4 30. b3 Nc5 31. bxc4 Nxe4 32. Re3 Nd2 33. cxb5
Nc4 34. Rc3 Nb6 35. Rfc1 Kf7 36. g3 Kg6 37. Rc6 Nd5 38. R1c5 Ne7 39. Ra6 Rd8
40. b6 Rd1+ 41. Kg2 Rb1 42. a4 Nf5 43. Rb5 Re1 44. b7 Re8 45. Ra8 1-0

[Event "OHS 2012"]
[Site "Herne"]
[Date "2012.02.07"]
[Round "1"]
[White "Deutschmann, Jürgen"]
[Black "Gorzinski, Dariusz"]
[Result "0-1"]
[PlyCount "80"]
[WhiteElo "1476"]
[BlackElo "1890"]

1. f4 d5 2. Nf3 c5 3. d3 Nf6 4. g3 Nc6 5. Bg2 g6 6. O-O Bg7 7. h3 O-O 8. Qe1 d4
9. Bd2 Nd5 10. Na3 e5 11. fxe5 Nxe5 12. Nxe5 Bxe5 13. Nc4 Bg7 14. Rb1 Be6 15.
b4 b5 16. e4 Nxb4 17. Bxb4 cxb4 18. Nd2 Qc8 19. Rxb4 Qxc2 20. Rxb5 Qxd3 21. Rb7
Bxa2 22. Qf2 Qe3 23. Kh2 Be6 24. Qf4 Bh6 25. Qxe3 Bxe3 26. Nf3 a5 27. e5 Bd5
28. Rd7 Rfd8 29. e6 Bxe6 30. Ne5 Rxd7 31. Nxd7 Rd8 32. Nf6+ Kg7 33. Bc6 Bf5 34.
Ne4 d3 35. g4 Be6 36. Ba4 d2 37. Nc3 Bd4 38. Nd1 Be5+ 39. Kg1 Rd4 40. Nc3 Rc4
0-1

[Event "OHS 2012"]
[Site "Herne"]
[Date "2012.02.07"]
[Round "1"]
[White "Göldenboog, Jürgen"]
[Black "Bittner, Reinhard"]
[Result "1/2-1/2"]
[PlyCount "105"]
[WhiteElo "1883"]
[BlackElo "1465"]

1. d4 d5 2. c4 e6 3. Nc3 c6 4. cxd5 exd5 5. Nf3 f5 6. g3 Nf6 7. Bg5 Be7 8. Bg2
O-O 9. O-O Ne4 10. Bxe7 Qxe7 11. e3 Nd7 12. Rc1 b6 13. Ne2 Bb7 14. Nf4 Rad8 15.
Qb3 g5 16. Nd3 Kg7 17. Rc2 h6 18. Rfc1 c5 19. Qa3 a6 20. Nfe5 Nxe5 21. Nxe5 Qd6
22. f4 c4 23. Qa4 Rf6 24. b3 b5 25. Qa5 Qb6 26. Qxb6 Rxb6 27. Bxe4 fxe4 28. Rf2
Rf6 29. Rcf1 gxf4 30. gxf4 Bc8 31. Rg2+ Kh7 32. Rg3 Rg8 33. Kf2 Rxg3 34. hxg3
a5 35. g4 c3 36. Rh1 Kg7 37. Ke1 b4 38. f5 a4 39. Ng6 axb3 40. axb3 Ra6 41. Kf2
Ra2+ 42. Kg3 Re2 43. Kf4 Rb2 44. Ne7 Rxb3 45. Nxd5 Bb7 46. Nc7 Ra3 47. Ne6+ Kg8
48. Rxh6 c2 49. Rg6+ Kh8 50. Rh6+ Kg8 51. Rg6+ Kh8 52. Rh6+ Kg8 53. Rg6+
1/2-1/2

[Event "OHS 2012"]
[Site "Herne"]
[Date "2012.02.07"]
[Round "1"]
[White "Bleich, Karl-Heinz"]
[Black "Wimber, Hartmut"]
[Result "0-1"]
[PlyCount "40"]
[WhiteElo "1451"]
[BlackElo "1879"]

1. d4 Nf6 2. c4 c5 3. e3 g6 4. Nf3 Bg7 5. Nc3 O-O 6. Bd3 d5 7. O-O cxd4 8. Nxd4
e5 9. Nde2 Nc6 10. cxd5 Nxd5 11. Qb3 Nxc3 12. Nxc3 Qxd3 13. Rd1 Qa6 14. Qc2 Be6
15. Rb1 Rac8 16. b4 Bf5 17. e4 Nd4 18. Rxd4 exd4 19. b5 Qe6 20. exf5 Qe1# 0-1

[Event "OHS 2012"]
[Site "Herne"]
[Date "2012.02.07"]
[Round "1"]
[White "Reinholz, Benjamin"]
[Black "Stratmann, Lars"]
[Result "1-0"]
[PlyCount "25"]
[WhiteElo "1860"]
[BlackElo "1444"]

1. e4 d6 2. d4 Nf6 3. Nc3 c6 4. Bg5 Nbd7 5. f4 Qc7 6. Nf3 e6 7. Bd3 Be7 8. e5
Ng8 9. O-O Bxg5 10. Nxg5 g6 11. Nce4 dxe5 12. fxe5 Nh6 13. Nd6+ 1-0

[Event "OHS 2012"]
[Site "Herne"]
[Date "2012.02.07"]
[Round "1"]
[White "Hartmann, Thomas"]
[Black "Nebel, Uwe"]
[Result "0-1"]
[PlyCount "68"]
[WhiteElo "1477"]
[BlackElo "1852"]

1. d4 e6 2. Nf3 Nf6 3. g3 d5 4. Bg2 Be7 5. O-O O-O 6. Re1 Nbd7 7. Bf4 b6 8. Qd3
Bb7 9. Nbd2 c5 10. c3 Re8 11. Ne5 Nxe5 12. Bxe5 Bd6 13. Bxd6 Qxd6 14. e4 dxe4
15. Nxe4 Nxe4 16. Bxe4 Bxe4 17. Rxe4 Red8 18. Rd1 Rd7 19. Rde1 Rad8 20. Rh4 h6
21. Qc4 Rc7 22. Ree4 Qe7 23. dxc5 Rd1+ 24. Kg2 Rxc5 25. Qb4 Qb7 26. Kh3 Qd5 27.
Rd4 Qf5+ 28. Kg2 Rd5 29. Rxd1 Rxd1 30. Qe4 Qb5 31. Qa8+ Kh7 32. Qxa7 Qf1+ 33.
Kf3 Rd3+ 34. Kg4 Qxf2 0-1

[Event "OHS 2012"]
[Site "Herne"]
[Date "2012.02.07"]
[Round "1"]
[White "Müller-Kreth, Kai"]
[Black "Quäschling, Udo"]
[Result "1-0"]
[PlyCount "47"]
[WhiteElo "1852"]
[BlackElo "1358"]

1. c4 e5 2. Nc3 Nf6 3. g3 d5 4. cxd5 Nxd5 5. Bg2 Be6 6. Nf3 Nc6 7. O-O Nxc3 8.
bxc3 e4 9. Ne1 Bd5 10. Qa4 f5 11. Nc2 a6 12. c4 b5 13. cxb5 axb5 14. Qxb5 Ra5
15. Qb1 Bd6 16. Bb2 O-O 17. Bc3 Ra8 18. Ne3 Be5 19. Nxd5 Qxd5 20. Qb3 Qxb3 21.
axb3 Bxc3 22. dxc3 Na5 23. Ra3 Rfd8 24. Rfa1 1-0

[Event "OHS 2012"]
[Site "Herne"]
[Date "2012.02.07"]
[Round "1"]
[White "Breme, Dietmar"]
[Black "Löffelbein, Klaus"]
[Result "0-1"]
[PlyCount "68"]
[WhiteElo "1297"]
[BlackElo "1840"]

1. f4 g6 2. Nf3 Bg7 3. e3 d6 4. d4 c5 5. Nc3 Nd7 6. e4 cxd4 7. Nxd4 Qb6 8. Nb3
Ngf6 9. Bc4 O-O 10. Qf3 Qb4 11. Bd3 a5 12. a3 Qb6 13. Be3 Qd8 14. a4 Nb6 15. f5
Bd7 16. O-O gxf5 17. Qg3 Kh8 18. exf5 Rg8 19. Qf2 Nbd5 20. Bd4 Bc6 21. Be2 Nxc3
22. bxc3 Bxg2 23. Kxg2 Ne4 24. Qf3 Bxd4+ 25. Kh1 Ng5 26. Qd3 Be5 27. Nd4 Qf8
28. Nf3 Nxf3 29. Rxf3 Qg7 30. Rf2 Rac8 31. Raf1 Rxc3 32. Qe4 Rh3 33. Bf3 Bxh2
34. Rxh2 Rxh2+ 0-1

[Event "OHS 2012"]
[Site "Herne"]
[Date "2012.02.07"]
[Round "1"]
[White "Maczkowiak, Thomas"]
[Black "Kümmel, Hans-Jürgen"]
[Result "1-0"]
[PlyCount "95"]
[WhiteElo "1833"]
[BlackElo "1279"]

1. Nf3 d5 2. c4 e6 3. g3 Nf6 4. Bg2 c6 5. O-O Nbd7 6. b3 Bd6 7. Bb2 O-O 8. d3
Re8 9. Nbd2 Rb8 10. e4 dxe4 11. dxe4 e5 12. Qc2 b6 13. Ne1 Bb7 14. Nd3 c5 15.
Rae1 Nf8 16. f4 N6d7 17. f5 Nf6 18. Qd1 h6 19. Qe2 Ba6 20. a4 Qc7 21. g4 N8h7
22. h4 Bb7 23. Nf2 Rbd8 24. Nf3 Qe7 25. Bc1 Bc7 26. Kh2 Rd7 27. g5 hxg5 28.
Nxg5 Red8 29. Bh3 Rd4 30. Be3 R4d6 31. Rg1 Kh8 32. Rg3 Rg8 33. Reg1 Bc6 34.
Nxh7 Nxh7 35. Qh5 Be8 36. f6 Qxf6 37. Bf5 g6 38. Qg4 Bd8 39. Bg5 Qg7 40. Bxd8
Rxd8 41. h5 Nf6 42. Qh4 Nxh5 43. Qxd8 Bxa4 44. Qh4 Bxb3 45. Rxb3 Qh6 46. Rbg3
Kh7 47. Ng4 Nxg3 48. Qxh6# 1-0

[Event "OHS 2012"]
[Site "Herne"]
[Date "2012.02.07"]
[Round "1"]
[White "Milk, Joshua"]
[Black "Wenzel, Martin"]
[Result "0-1"]
[PlyCount "94"]
[WhiteElo "1184"]
[BlackElo "1813"]

1. e4 e5 2. Bc4 Nf6 3. Nf3 Nxe4 4. Nxe5 d5 5. Qf3 Nf6 6. Bb3 Bd6 7. d4 O-O 8.
O-O Nc6 9. Nxc6 bxc6 10. Bg5 Be7 11. h3 h6 12. Bh4 a5 13. c3 Ne4 14. Bxe7 Qxe7
15. Bc2 Re8 16. Qd3 Ba6 17. Qd1 Bxf1 18. Kxf1 Rab8 19. b3 Qh4 20. Qf3 Qg5 21.
Qd1 Qf4 22. Bxe4 Qh2 23. Nd2 Qh1+ 24. Ke2 Qxg2 25. Qh1 Qxh1 26. Rxh1 f5 27. Nf3
fxe4 28. Ne5 Re6 29. Nd7 Rd8 30. Ne5 Rf8 31. Rh2 Rf5 32. Nd7 Rg5 33. Rh1 Reg6
34. Kf1 Rf5 35. Ke2 Rg2 36. Rf1 Rf3 37. c4 Rxh3 38. cxd5 cxd5 39. Nc5 h5 40.
Ne6 Rc3 41. Nf4 Rg5 42. Kd2 Rf3 43. Ne6 Rg2 44. Ke1 e3 45. Nxc7 Rfxf2 46. a3
Rb2 47. b4 Rb1# 0-1

[Event "OHS 2012"]
[Site "Herne"]
[Date "2012.02.07"]
[Round "1"]
[White "Kowalczyk, Frank"]
[Black "Czarnecki, Günther"]
[Result "1-0"]
[PlyCount "73"]
[WhiteElo "1798"]
[BlackElo "1095"]

1. e4 e5 2. Nf3 Nc6 3. Bc4 h6 4. d3 d6 5. h3 b6 6. c3 Bb7 7. Bb3 Qd7 8. Nbd2
O-O-O 9. Bc2 Kb8 10. b4 Nf6 11. a4 Be7 12. Nb3 g5 13. b5 Na5 14. Nxa5 bxa5 15.
Nh2 d5 16. Qe2 dxe4 17. dxe4 Qc8 18. Ng4 Nxg4 19. hxg4 Bc5 20. f3 Rd6 21. Be3
Bxe3 22. Qxe3 Rhd8 23. Rd1 Rxd1+ 24. Bxd1 Rd6 25. O-O Qd8 26. Bb3 f6 27. Rc1 c6
28. bxc6 Rxc6 29. Bd5 Rb6 30. c4 Bxd5 31. exd5 Rb4 32. Qd3 Qd7 33. c5 Rxa4 34.
c6 Qd6 35. Qb5+ Kc7 36. Qxa4 Qxd5 37. Kh1 1-0